000 01146nmc a2200337 a 4500
003 AR-BaBNM
005 20251128205030.0
008 116019s1993 ||||||||||||||000 | spa||
020 _a84-7960-055-1
040 _cAR-BaBNM
100 1 _aMasterman, Len
245 1 0 _aLa enseñanza de los medios de comunicación
260 _aMadrid
_bEdiciones de la Torre
_c1993
300 0 _a330 p.
_btablas, il.
490 0 _aProyecto Didáctico Quirón. Medios de comunicación y enseñanza
_vv. 41
500 0 _aIndice analítico: p. 325-330
500 0 _aDeclaración sobre Educación de los Medios de la UNESCO: P. 285-288
500 1 _aUNESCO: Organización de las Naciones Unidas para la Educación, la Ciencia y la Cultura
504 _aBibliografía: p. 289-324
650 4 _aENSENANZA AUDIOVISUAL
650 4 _aMEDIOS DE COMUNICACION
650 4 _aNOTICIERO DE TELEVISION
650 4 _aPELICULAS PARA NINOS
650 4 _aTECNICAS DE ENSENANZA
651 4 _aEuropa
653 0 _aEDUCACION PRIMARIA
700 1 _aBlanco Marcilla, Carmen
_etraductor
800 1 _aAparici, Roberto
_ecoordinador
942 _cBK
998 _csilvi
999 _c9716
_d9716